| 000 | 00671nam a22002297a 4500 | ||
|---|---|---|---|
| 999 |
_c1720 _d1720 |
||
| 003 | AR-CdUCM | ||
| 008 | 190227b ||||| |||| 00| 0 spa d | ||
| 040 |
_aMUNICIPALIDAD PROVINCIAL DEL CUSCO _cBIBLIOTECA MUNICIPAL DEL CUSCO |
||
| 082 |
_a869.56 / _bM86 |
||
| 100 |
_aMoral, Bruno _96351 |
||
| 245 |
_aEspacio Ampliado / _cMoral, Bruno |
||
| 260 |
_aLima : _bPeru Graf, _c1990. |
||
| 300 |
_a77 paginas ; _c25cm. |
||
| 500 | _aPoesias | ||
| 650 |
_aLiteratura _983 |
||
| 650 |
_aPoesia _91598 |
||
| 650 |
_aLatinoamericana _95799 |
||
| 700 |
_aMoral, Bruno _96351 |
||
| 700 |
_aCastaƱeda Garay, Ricardo A. _96352 |
||
| 942 |
_2ddc _cLIBROS |
||
| 945 |
_apjha _d2019-02-27 |
||